Toxičtí rodiče : překonejte jejich zhoubný odkaz a vezměte si zpět svůj život /
Uloženo v:
| Hlavní autor: | |
|---|---|
| Další autoři: | , |
| Médium: | Kniha |
| Jazyk: | Czech |
| Vydáno: |
Bratislava :
Noxi,
2026
|
| Témata: | |
| Celkem bylo vypůjčeno: | 0x |
| Tagy: |
Žádné tagy |
| LEADER | 02025nam a2200517 i 4500 | ||
|---|---|---|---|
| 001 | 106466 | ||
| 003 | CZ-KlSVK | ||
| 005 | 20260603112436.0 | ||
| 007 | ta | ||
| 008 | 260527s2026----xo-----e------000-0-cze-d | ||
| 020 | |a 9788081117152 |q (brožováno) : |c Kč 399.00 | ||
| 040 | |a KLG001 |b cze |e rda | ||
| 041 | 1 | |a cze |h eng | |
| 072 | 7 | |a 316.4/.7 |x Sociální interakce. Sociální komunikace |2 Konspekt |9 18 | |
| 080 | |a 173.5/.7 |2 MRF | ||
| 080 | |a 316.628 |2 MRF | ||
| 080 | |a 364.63-053.2 |2 MRF | ||
| 080 | |a 364.612-053.2 |2 MRF | ||
| 080 | |a 364.633-053.2 |2 MRF | ||
| 080 | |a 159.922.62 |2 MRF | ||
| 080 | |a 615.851.2 |2 MRF | ||
| 080 | |a (0.062) |2 MRF | ||
| 100 | 1 | |a Forward, Susan, |d 1938- |7 xx0019268 |4 aut |9 13348 | |
| 240 | 1 | 0 | |a Toxic parents. |l Česky |
| 245 | 1 | 0 | |a Toxičtí rodiče : |b překonejte jejich zhoubný odkaz a vezměte si zpět svůj život / |c Susan Forwardová s Craigem Buckem ; z anglického originálu Toxic parents přeložila Lenka Adamcová |
| 264 | 1 | |a Bratislava : |b Noxi, |c 2026 | |
| 300 | |a 350 stran ; |c 21 cm | ||
| 336 | |a text |b txt |2 rdacontent | ||
| 337 | |a bez média |b n |2 rdamedia | ||
| 338 | |a svazek |b nc |2 rdacarrier | ||
| 504 | |a Obsahuje bibliografii | ||
| 650 | 0 | 7 | |a rodiče a děti |7 ph116053 |2 czenas |9 1107 |
| 650 | 0 | 7 | |a manipulace (psychologie) |7 ph122611 |2 czenas |
| 650 | 0 | 7 | |a týrané děti |7 ph116519 |2 czenas |
| 650 | 0 | 7 | |a deprivované děti |7 ph119386 |2 czenas |
| 650 | 0 | 7 | |a sexuálně zneužívané děti |7 ph115772 |2 czenas |9 2240 |
| 650 | 0 | 7 | |a dospělost |7 ph119581 |2 czenas |9 4450 |
| 650 | 0 | 7 | |a hypnoterapie |7 ph121002 |2 czenas |
| 655 | 7 | |a populárně-naučné publikace |7 fd131864 |2 czenas |9 102 | |
| 700 | 1 | |a Buck, Craig |7 jx20081002019 |4 aut |9 113411 | |
| 700 | 1 | |a Adamcová, Lenka |7 xx0036633 |4 trl |9 6314 | |
| 710 | 2 | |a NOXI (vydavatelství) |7 xx0234603 |4 pbl | |
| 910 | |a UOG502 | ||
| 942 | |2 ddc |c KN | ||
| 999 | |d 106466 | ||
| 993 | |0 0 |1 421180107183 |2 ddc |4 0 |6 316_000000000000000 |7 0 |9 99902 |b 0 |c 107183 |d 2026-06-03 |e 0 |f DOSP |g 316 |h 399.00 |i Koupě |l DOSP |r 2026-06-03 |t 5 |w 2026-06-03 |y KN |z NAUCNA |n | ||